| 000 | 00869cam a22002898a 4500 | ||
|---|---|---|---|
| 008 | |||
| 020 | _a0273687514 (pbk.) | ||
| 049 | _aMAIN | ||
| 090 |
_aHF5686.C8 _bMAN |
||
| 100 | _aHorngren, Charles T. | ||
| 245 | 0 | 0 |
_aManagement and cost accounting / _cCharles T. Horngren... [et al.] |
| 250 | _a3rd ed. | ||
| 260 |
_aHarlow : _bPrentice Hall/Financial Times, _c2005. |
||
| 300 |
_axxvi, 974 p. : _bill. (some col.) ; _c27 cm. |
||
| 500 | _aIncludes index. | ||
| 504 | _aIncludes bibliographical references. | ||
| 650 | 0 | _aCost accounting. | |
| 650 | 0 | _aManagerial accounting. | |
| 700 | _aBhimani, Alnoor. | ||
| 700 | _aDatar, Srikant M. | ||
| 700 | _aFoster, George. | ||
| 907 |
_a.b10301616 _b29-05-14 _c13-10-11 |
||
| 003 | |||
| 005 | 20230123122053.0 | ||
| 040 | _cNUST | ||
| 942 |
_cBOOKS _kHF5686.C8 _mMAN |
||
| 999 |
_c127299 _d127299 |
||